00826nam a22002417a 4500003000400000005001700004008004100021020001800062035002000080040002300100082002300123100002400146245012000170260007900290300003400369500002600403504006600429600001700495650001900512650001200531650002500543650001600568OSt20240530110418.0150309s2006 ua g 001 0 eng d a9789774249303 a(OCoLC)70859913 aEG-CaGPLcEG-CaGPL04221a332.4953\bB I1 aBacharach, Jere L.,10aIslamic history through coins :ban analysis and catalogue of tenth-century Ikhshidid coinage /cJere L. Bacharach. aCairo, Egypt ;aNew York :bthe american University in Cairo Press ,c2006 axix, 188 p. :bill. ;c24 cm. aErrata slip inserted. aIncludes bibliographical references (p. [173]-182) and index.1 aIchschididen 0aIslamic coins.07aMünze 0aIslamic numismatics. 0aIkhshidids.